| 000 | 00583nam a2200241Ia 4500 | ||
|---|---|---|---|
| 003 | OSt | ||
| 005 | 20220912145448.0 | ||
| 006 | a|||||r|||| 00| 0 | ||
| 007 | ta | ||
| 008 | 220909b |||||||| |||| 00| 0 eng d | ||
| 024 | _a67265 | ||
| 037 | _cTextual | ||
| 040 |
_aCSL _beng _cCSL |
||
| 041 | _aeng | ||
| 082 | _aD3:H, K9 | ||
| 100 | _aSinclair John | ||
| 245 | 0 | _aQuarrying opencast and alluvial mining | |
| 260 | _c1969 | ||
| 300 |
_ap. _ccm. |
||
| 650 | _aBuilding engineering | ||
| 942 |
_hD3:H, K9 _cTEXL _2CC |
||
| 999 |
_c32315 _d32315 |
||